| 000 | 00619nam a22002057a 4500 | ||
|---|---|---|---|
| 003 | OSt | ||
| 005 | 20210527172141.0 | ||
| 008 | 210527b xxu||||| |||| 00| 0 eng d | ||
| 020 | _a978-99965-776-8-0 | ||
| 040 |
_aCREDDM _bPT |
||
| 080 |
_a75 _x7.01 |
||
| 100 | _aZhang Geng, Shitao, Shen Hao, Wang Yuanqi | ||
| 110 | _aLivros do Meio | ||
| 245 |
_aO Fascínio do Gesto _bTeoria da Pintura Chinesa II |
||
| 250 |
_aTradução e Notas _bPaulo Maia e Carmo |
||
| 260 |
_aMacau: _bLivros do Meio, _cMaio 2020. |
||
| 300 |
_a157 pág.: _c22 cm. |
||
| 650 | _aTraduções e Notas de Paulo Maia e Carmo | ||
| 942 |
_2ddc _cMON |
||
| 999 |
_c3339 _d3339 |
||